Guess the Countries by Unknown Category #4 - Statistics

General Stats
  • This quiz has been taken 1,683 times
  • The average score is 15 of 21
Answer Stats
population Country % Correct
1,304 mil China
99%
423 mil United States
97%
1,657 mil India
96%
109 mil Russia
91%
261 mil Brazil
89%
313 mil Indonesia
85%
148 mil Mexico
83%
107 mil Japan
82%
291 mil Pakistan
79%
402 mil Nigeria
78%
250 mil Bangladesh
72%
138 mil Egypt
72%
100 mil Iran
69%
145 mil DR Congo
67%
101 mil Turkey
67%
172 mil Philippines
66%
278 mil Ethiopia
64%
111 mil Vietnam
62%
97 mil Sudan
49%
CATEGORY: 2050 Population
31%
128 mil Uganda
28%
No matching quizzes found
Score Distribution
Percent of People with Each Score
Percentile by Number Answered
Your Score History
You have not taken this quiz